Score 0/16 Timer 02:00
1 Play Today
Clue 4-Letter Word % Correct
Amount paid to exit jailBAIL
98.6%
Comprehensive shopping centerMALL
98.5%
Spherical object of a batter's attentionBALL
98.1%
To fall short of a goalFAIL
97.6%
A grain used during distillation processMALT
95.2%
Quickly or rapidFAST
94.8%
A true statementFACT
90.3%
A great accomplishmentFEAT
89.5%
Clue 4-Letter Word % Correct
A large, jovial gatheringFEST
88.7%
Skill in not upsetting/offending peopleTACT
86.2%
A small place to shopMART
86%
Tasting like a lemonTART
85.9%
Rump supporterSEAT
75.6%
An official logo or stampSEAL
75.4%
With last rung, President Truman's famous proposals
OR an annual county-wide celebration
•FAIR•
75.1%
With first rung, President Truman's famous proposals
OR to make a pact regarding exchanges
•DEAL•
73.3%

Today's Daily Dose

Word Ladder
It's a Tarp!

Quick Pick
Ph- Words

Come Together.
Have Fun.
All Virtual.
We all need to come together. Play Sporcle's virtual live trivia to have fun, connect with people, and get your trivia on. Join a live hosted trivia game for your favorite pub trivia experience done virtually. If a virtual private party is more your thing, go here for details.

You're not logged in!

Compare scores with friends on all Sporcle quizzes.
OR
Log In

Sporcle TV

Today on Sporcle TV


Watch our educational content, quiz creation guides, and fun videos on Sporcle TV.

Show Comments

Extras

Top Quizzes Today


Score Distribution

Paid Content

Your Account Isn't Verified!

In order to create a playlist on Sporcle, you need to verify the email address you used during registration. Go to your Sporcle Settings to finish the process.

Report this User

Report this user for behavior that violates our Community Guidelines.

Details: